Электрохимия гидроксиламина

Λεπτομέρειες βιβλιογραφικής εγγραφής
Κύριος συγγραφέας: Кварацхелия Р. К. Рамаз Капитонович
Γλώσσα:Ρωσικά
Έκδοση: Тбилиси, Мецниереба, 1981
Θέματα:
Μορφή: Βιβλίο
KOHA link:https://koha.lib.tpu.ru/cgi-bin/koha/opac-detail.pl?biblionumber=90078

MARC

LEADER 00000nam0a2200000 4500
001 90078
005 20231101213708.0
020 |a RU  |b 81-69134 
035 |a (RuTPU)RU\TPU\book\96614 
090 |a 90078 
100 |a 20060204d1981 k a0rusy5003 ca 
101 0 |a rus 
102 |a GE 
105 |a a z 001zy 
200 1 |a Электрохимия гидроксиламина  |f Р. К. Кварацхелия 
210 |a Тбилиси  |c Мецниереба  |d 1981 
215 |a 106 с.  |c ил.  |d 21 см. 
314 |a В надзаг.: АН ГССР, Ин-т неорган. химии и электрохимии 
606 1 |a Гидроксиламин  |x Электрохимия  |2 stltpush  |3 (RuTPU)RU\TPU\subj\6689  |9 34507 
610 1 |a химические свойства 
675 |a 546.17  |z rus 
700 1 |a Кварацхелия  |b Р. К.  |g Рамаз Капитонович  |4 070 
801 0 |a RU  |b RuMRKP  |c 19950704  |g psbo 
801 1 |a RU  |b 63413507  |c 20060204  |g PSBO 
801 2 |a RU  |b 63413507  |c 20160120  |g PSBO 
942 |c BK